000 01549nam a2200421 i 4500
001 49869
003 KOSZ 005
005 20220323141515.0
008 111108s2011 pl a f |000 0 pol
020 _a9788324941612
040 _cKOSZ 005
_aKOSZ 005
_dKOSZ 005/HR
041 _apol
046 _k2011
080 _a699.8
080 _a691
080 _a006.3/.8
080 _a(083.1)
100 1 _aFrancke, Barbara
_eAutor
245 1 0 _aElastyczne wodochronne wyroby podkładowe :
_bkomentarz do normy PN-EN 13859-1:2010 i PN-EN 13589-2:2010 :
_bporadnik /
_cBarbara Francke ; [oprac red. Michał Gajownik].
246 3 0 _aKomentarz do normy PN-EN 13859-1:2010 i PN-EN 13589-2:2010
260 _aWarszawa :
_bInstytut Techniki Budowlanej,
_c2011.
300 _a24 s. :
_b2 rys. ;
_c24 cm.
380 _aKsiążki
388 _a2001-
490 1 _aInstrukcje, Wytyczne, Poradniki / Instytut Techniki Budowlanej ;
_v465/2011
504 _aBibliogr. s. 23.
650 4 _aHydroizolacje
650 4 _aMateriały hydroizolacyjne
650 4 _aBudownictwo
650 4 _aNormalizacja
655 4 _aPoradnik
658 _aArchitektura i budownictwo
700 1 _aGajownik, Michał
_eOpracowanie
710 2 _aInstytut Techniki Budowlanej
_4pbl.
830 0 _aInstrukcje, Wytyczne, Poradniki - Instytut Techniki Budowlanej
_v465/2011
856 _uhttp://koha.tu.koszalin.pl/cgi-bin/koha/opac-detail.pl?biblionumber=49869
_yKatalog online BPK
942 _cKS
_2UKD
999 _c49869
_d49869